| 000 | 00579nam a2200181 a 4500 | ||
|---|---|---|---|
| 001 | 3337 | ||
| 003 | CDMR | ||
| 005 | 20131125163739.0 | ||
| 008 | 130130s1975||||||||||||||||||||||||||||d | ||
| 040 |
_aCDMR _bcat _cCDMR |
||
| 100 | 1 |
_aSalas, Javier _92411 |
|
| 245 | 1 | 0 |
_aRegistro de empresas periodísticas y editoriales _b: régimen jurídico de inscripciones y cancelaciones _cJavier Salas |
| 260 |
_aSevilla _c1975 _bUniversidad de Sevilla |
||
| 300 |
_a126 p ; _c20 cm |
||
| 650 | 0 | 4 |
_94149 _aEmpreses periodístiques _xDret i legislació |
| 650 | 0 | 4 |
_93457 _aEditors |
| 942 |
_cMON _2udc |
||
| 999 |
_c3337 _d3337 |
||